00898nam a2200229Ia 4500001001000000003000500010008004100015010001100056040000900067100003700076245017800113260003400291300002100325502008700346650001700433650003000450650002500480700003300505700003900538700004100577710005000618Para_9859CHAP220125s2010 xx 000 0 und d a208535 cCHAP aMorales Trujillo, Mónica Corey aDiagnostico y control químicode hongos asociados a cormos de gladiola del sur del Estado de México /c Mónica Corey, Morales Trujillo; Director Nahum Marbán Mendoza aChapingo, Méx. :b el autor a1 CD ROM (48 p.) aTesis (M.C. en Protección Vegetal), UACh.Departamento Parasitología Agrícola aFungicidas  aGladiola x enfermedades  aHongos fitopatogenos aManuel Pinto, Victor, Asesor aMarbán Mendoza, Nahum, Director  aRamírez Alarcón, Samuel, Asesor  aUACh. Departamento Parasitología Agrícola